Atlas de psicologa̕ forense (penal)

Detalles Bibliográficos
Autor principal: Tiffon Nonis, Bernat-Nol︠
Formato: eBook
Lenguaje:español
Publicado: Barcelona: J.M. Bosch Editor, 2017
Materias:
Acceso en línea:Acceso restringido

MARC

LEADER 00000nam a22000007a 4500
005 2019032906516.0
007 cr|||| ||||
008 190329s2017 es |||||s|||| 00||0 spa d
020 |a 978-84-947743-0-0 
035 |a 22921 
040 |a vLex 
090 |c 8519  |d 8519 
100 1 |a Tiffon Nonis, Bernat-Nol︠ 
245 1 0 |a Atlas de psicologa̕ forense (penal)  |h [Recurso electrn̤ico] /  |c Bernat-Nol︠ Tiffon Nonis 
256 |a Servicio en ln̕ea 
260 |a Barcelona:  |b J.M. Bosch Editor,  |c 2017 
300 |a 1 recurso electrn̤ico 
506 1 |a Disponible solo en los productos indicados  |d vLex Global  |d vLex Global (Academic Edition, excluding Law Schools)  |d vLex Global (U.S. Academic Edition, Law Schools)  |d vLex Global (U.S. Academic Edition, excluding Law Schools)  |d vLex Global (Academic Edition, Law Schools) 
650 0 4 |a Derecho Penal  |z Espaą 
740 0 |a vLex Libros (Servicio en ln̕ea) 
856 4 0 |u http://vlex.com/source/atlas-psicologia-forense-penal-22921  |z Acceso restringido 
942 |c BOOK 
999 0 |a Criminal law